00657cam a2200181 450000500170000000800410001705000230005810000270008124000340010824501120014225000110025426000360026530000260030150400310032765000350035870000450039370000370043820260528095340.0 s1946 ag spa 04aK230.L37bF55 19461 aLask, Emil,d1875-191510aRechtsphilosophie.lEspañol10aFilosofía jurídica c / Emil Lask ; prólogo Enrique Martínez Paz ; traducción Roberto Goldschmidt a1a ed. aBuenos Aires :bDepalma, c1946 axx; 101 p. ;c20 cm.  aBibliografía : p. 95-101 72lembaFilosofía del derecho 1 aMartínez Paz, Enrique, epróloguista1 aGoldschmidt, Roberto,etraductor